00554nam a2200193Ia 4500003000400000005001700004008004100021020002200062040000700084041000800091082001600099100005400115245006900169260004500238300001300283365001700296650003100313650001600344OSt20230531105631.0210423s2010 xx 000 0 und d a978-1-84905-003-6 cAL aeng a361.32 RUCR aRUCH (Gillian);TURNEY (Danielle);WARD (Adrian) Ed aRelationship based social work: getting to the heart of practice aLondonbJessica Kingsley Publisersc2010 a271pbPB b2168.92cUSD aSocial Problems & Services aSocial Work